|
|
|
|
| LEADER |
01737nam a2200445 i 4500 |
| 001 |
EBC1575440 |
| 003 |
MiAaPQ |
| 005 |
20200520144314.0 |
| 006 |
m o d | |
| 007 |
cr cnu|||||||| |
| 008 |
140107t20142014gw ob 001 0 eng|d |
| 020 |
|
|
|z 9783110329674
|
| 020 |
|
|
|a 9783110329827
|q (electronic bk.)
|
| 035 |
|
|
|a (MiAaPQ)EBC1575440
|
| 035 |
|
|
|a (Au-PeEL)EBL1575440
|
| 035 |
|
|
|a (CaPaEBR)ebr10820058
|
| 035 |
|
|
|a (CaONFJC)MIL804615
|
| 035 |
|
|
|a (OCoLC)913854944
|
| 040 |
|
|
|a MiAaPQ
|b eng
|e rda
|e pn
|c MiAaPQ
|d MiAaPQ
|
| 050 |
|
4 |
|a HG6024.A3
|b S55 2014
|
| 100 |
1 |
|
|a Silvestrov, Dmitrii S.
|
| 245 |
1 |
0 |
|a American-type options :
|b stochastic approximation methods. Volume 1 /
|c Dmitrii S. Silvestrov.
|
| 264 |
|
1 |
|a Berlin :
|b De Gruyter,
|c [2014]
|
| 264 |
|
4 |
|c 2014
|
| 300 |
|
|
|a 1 online resource (520 pages).
|
| 336 |
|
|
|a text
|2 rdacontent
|
| 337 |
|
|
|a computer
|2 rdamedia
|
| 338 |
|
|
|a online resource
|2 rdacarrier
|
| 490 |
1 |
|
|a De Gruyter studies in mathematics,
|x 0179-0986 ;
|v volume 56
|
| 504 |
|
|
|a Includes bibliographical references and index.
|
| 588 |
|
|
|a Description based on online resource; title from PDF title page (ebrary, viewed January 7, 2014).
|
| 590 |
|
|
|a Electronic reproduction. Ann Arbor, MI : ProQuest, 2015. Available via World Wide Web. Access may be limited to ProQuest affiliated libraries.
|
| 650 |
|
0 |
|a Options (Finance)
|x Mathematical models.
|
| 650 |
|
0 |
|a Stochastic approximation.
|
| 650 |
|
0 |
|a Markov processes.
|
| 650 |
|
0 |
|a Business mathematics.
|
| 655 |
|
4 |
|a Electronic books.
|
| 797 |
2 |
|
|a ProQuest (Firm)
|
| 830 |
|
0 |
|a De Gruyter studies in mathematics ;
|v 56.
|
| 856 |
4 |
0 |
|u https://ebookcentral.proquest.com/lib/matrademy/detail.action?docID=1575440
|z Click to View
|